Frontiers in electromagnetics / (Record no. 175437)
[ view plain ]
| 000 -LEADER | |
|---|---|
| fixed length control field | 00802 a2200205 4500 |
| 020 ## - INTERNATIONAL STANDARD BOOK NUMBER | |
| International Standard Book Number | 0780347013 |
| 020 ## - INTERNATIONAL STANDARD BOOK NUMBER | |
| International Standard Book Number | 9780780347014 |
| 082 ## - DEWEY DECIMAL CLASSIFICATION NUMBER | |
| Classification number | 537,FRO |
| 100 ## - MAIN ENTRY--PERSONAL NAME | |
| Personal name | Werner, Douglas H. |
| 9 (RLIN) | 8641 |
| 245 10 - TITLE STATEMENT | |
| Title | Frontiers in electromagnetics / |
| Statement of responsibility, etc. | Douglas H. Werner, Raj Mittra. |
| 250 ## - EDITION STATEMENT | |
| Edition statement | 1st ed. |
| 260 ## - PUBLICATION, DISTRIBUTION, ETC. | |
| Place of publication, distribution, etc. | [S.l.] : |
| Name of publisher, distributor, etc. | Wiley-IEEE Press, |
| Date of publication, distribution, etc. | 2000. |
| 300 ## - PHYSICAL DESCRIPTION | |
| Extent | 814 p. ; |
| Dimensions | 26 cm. |
| 490 1# - SERIES STATEMENT | |
| Series statement | Ieee press series on rf and microwave technology. |
| 505 ## - FORMATTED CONTENTS NOTE | |
| Formatted contents note | Part 1:- Geometry, Topology, and Grous (Page-1), Optimization and Estimation (Page-329), Part 3:- Analytic Methods (Page-474), Part 5:- Numerical Methods (Page-669). |
| 700 1# - ADDED ENTRY--PERSONAL NAME | |
| Personal name | Werner, Douglas H. |
| 9 (RLIN) | 8641 |
| 700 1# - ADDED ENTRY--PERSONAL NAME | |
| Personal name | Mittra, Raj. |
| 9 (RLIN) | 8642 |
| 830 #0 - SERIES ADDED ENTRY--UNIFORM TITLE | |
| Uniform title | Ieee press series on rf and microwave technology. |
| 9 (RLIN) | 8643 |
| 942 ## - ADDED ENTRY ELEMENTS (KOHA) | |
| Institution code [OBSOLETE] | SNS |
| Koha item type | Book |
| Call number prefix | 537 WER |
| Source of classification or shelving scheme | |
| Withdrawn status | Lost status | Source of classification or shelving scheme | Damaged status | Not for loan | Permanent Location | Current Location | Shelving location | Date acquired | Full call number | Barcode | Date last seen | Price effective from | Koha item type | Public note |
|---|---|---|---|---|---|---|---|---|---|---|---|---|---|---|
| Military College of Signals (MCS) | Military College of Signals (MCS) | Reference | 12/12/2016 | 537,FRO | MCS31831 | 12/08/2016 | 12/12/2016 | Reference | Almirah No.19, Shelf No.6 |
